María Luisa Bemberg /

Clara Fontana, autora de este trabajo, comparte con María Luisa Bemberg la pasión por el cine y la preocupación feminista. En la pantalla contemporánea refulgen internacionalmente, entre otras, Margarette von Trotta, Liliana Cavani, Lina Wertmüller, Pilar Miró o Jane Campion. Cita obligada, se omite...

Descripción completa

Guardado en:
Autor Principal: Fontana, Clara.
Formato: Libro
Idioma:Undetermined
Publicado: Buenos Aires : Centro Editor de América Latina, 1993.
Series:Los directores del cine argentino ; 6
Materias:
Etiquetas: Agregar Etiqueta
Sin Etiquetas, Sea el primero en etiquetar este registro!
LEADER 01867nam a22002415a 4500
001 CEM.cems024746
008 250701s1993####ag############000#0#und#d
005 20250701150555.0
245 1 0 |a María Luisa Bemberg /  |c Clara Fontana. 
260 |a Buenos Aires :  |b Centro Editor de América Latina,  |c 1993. 
300 |a 64 p. 
490 1 |a Los directores del cine argentino ;  |v 6 
500 |a Con el auspicio del Instituto Nacional de Cinematografía. 
500 |a Incluye filmografía y premios. 
520 |a Clara Fontana, autora de este trabajo, comparte con María Luisa Bemberg la pasión por el cine y la preocupación feminista. En la pantalla contemporánea refulgen internacionalmente, entre otras, Margarette von Trotta, Liliana Cavani, Lina Wertmüller, Pilar Miró o Jane Campion. Cita obligada, se omiten los ejemplos aislados que vienen del comienzo del cine. Por cierto importan más las directoras que antepusieron la visión femenina integral que el oficio tal lo ejercieron o ejercen los hombres (al estilo de Leni Riefenstahl, glorificadora del machismo nazi). A partir de "Momentos", María Luisa Bemberg abordó una visión diferenciada del conflicto dramático desde la óptica femenina. Su filmografía siguiente, de "Señora de nadie" a "Camila", de "Miss Mary" a "Yo, la peor de todas" e incluso "De eso no se habla", importa en el cine argentino una apertura inusitada que antepone a los valores del patriarcado el mundo postergado de la mujer. También se aproxima, en consecuencia, al criticismo histórico, al revulsivo costumbrista y a la autocrítica clasista. 
020 |a 9502531566 
100 1 |a Fontana, Clara. 
653 |a Cine argentino 
653 |a Cine 
653 |a Historia del cine argentino 
653 |a Cine argentino-Historia 
653 |a Cinematografía 
859 |a CEMS  |b BIB. CEMS - 11 de abril  |h 778.50982  |i F679  |p 29937.25  |t Ej.1